Music Quiz

Random Music Quiz

Weird Al's Ebay purchases Quiz Stats

 Plays Quiz not verified by Sporcle

Challenge
Share
Tweet
Embed
Score 0/18 Timer 10:00
0 Plays Today
Item % Correct
A Smurf TV Tray
74.6%
A Rare Mint Snowglobe
73.8%
A Used Pink Bath Robe
72.8%
ALF Alarm Clock
64.7%
Another Pet Rock
64.2%
Your Watch
54.6%
Toaster
51.9%
Shatner's Old Toupe
51.4%
A Kleenex used by Dr Dre
48.1%
Item % Correct
A Case of vintage Tube Socks
41.5%
Pez Dispensers
41.2%
A Slightly damaged golf bag
38.8%
A Dukes Of Hazzard Ashtray
37.5%
Your knick-knack
34.1%
Some Beanie Babies new with tag
32.8%
A Pac-Man Fever Lunchbox
32.8%
Farrah Fawcett Poster
32.6%
Your tchotchkes
13.1%

You're not logged in!

Compare scores with friends on all Sporcle quizzes.
Join for Free
OR
Log In

You Might Also Like...

Show Comments

Extras

Top Quizzes Today


Score Distribution

Your Account Isn't Verified!

In order to create a playlist on Sporcle, you need to verify the email address you used during registration. Go to your Sporcle Settings to finish the process.

Report this User

Report this user for behavior that violates our Community Guidelines.

Details: